|
|
|
|
| LEADER |
00000cab a2200000 a 4500 |
| 001 |
024253 |
| 003 |
UAHC_CL |
| 005 |
20251120165233.0 |
| 008 |
251120s1974 sl || || 000 s|spa |
| 040 |
|
|
|a UAHC_CL
|c UAHC_CL
|d UAHC_CL
|
| 110 |
|
|
|a Corte Internacional de Justicia
|9 22524
|
| 245 |
|
|
|a Caso de los ensayos nucleares
|c Corte Internacional de Justicia.
|
| 264 |
|
|
|c 1974.
|
| 300 |
|
|
|a 3 páginas.
|
| 500 |
|
|
|a Sitio visitado https://www.dipublico.org/cij/doc/60.pdf el 20 de noviembre de 2025.
|
| 520 |
|
|
|a Fallo de 20 de diciembre de 1974.
|
| 856 |
|
|
|y Acceso electrónico al documento
|u https://www.dipublico.org/cij/doc/60.pdf
|
| 942 |
|
|
|c RL
|2 ddc
|
| 952 |
|
|
|0 0
|1 0
|2 ddc
|4 0
|6 RECURSO_ELECTRÓNICO
|7 0
|8 BAS
|9 101494
|a BR
|b BR
|c Digital
|d 2025-11-20
|l 0
|o Recurso electrónico
|r 2025-11-20 16:53:21
|w 2025-11-20
|y RL
|B DER
|
| 999 |
|
|
|c 63185
|d 63185
|